| 000 | 00538nam a2200181Ia 4500 | ||
|---|---|---|---|
| 999 |
_c33394 _d33394 |
||
| 003 | OSt | ||
| 005 | 20201006101909.0 | ||
| 008 | 190216s9999||||xx |||||||||||||| ||und|| | ||
| 040 | _coclc | ||
| 082 |
_a005.136 _bDET/F |
||
| 100 |
_aDetmer, Richard C _95339 |
||
| 245 | 0 |
_aFundamentals Of Assembly Language Programming / _cRichard C Detmer |
|
| 250 | _a1st Ed. | ||
| 260 |
_bGalgotia Publications, _c1998. _aNew Delhi: |
||
| 300 | _a531p | ||
| 650 | _aPhysics | ||
| 942 |
_cBK _2ddc _h005.136 _iDET/F _k005.136 _mDET/F |
||